[Event "Dresden ZMDI Blitz"]
[Site "Dresden"]
[Date "2011.08.12"]
[Round "7"]
[White "Foerster, Jonas"]
[Black "Sabejinski, Simeon"]
[Result "0-1"]
[WhiteElo "1587"]
[BlackElo "1751"]
[PlyCount "86"]
[EventDate "2011.08.06"]
[EventType "swiss (blitz)"]
[EventRounds "9"]
[EventCountry "GER"]
[SourceTitle "EXT 2022"]
[Source "ChessBase"]
[SourceDate "2021.10.06"]
[SourceVersion "1"]
[SourceVersionDate "2021.10.06"]
[SourceQuality "1"]

1. d4 d5 2. c4 e6 3. Nc3 Nf6 4. Bg5 Nbd7 5. e3 Be7 6. Bxf6 Nxf6 7. Nf3 c5 8. cxd5 exd5 9. Bb5+ Bd7 10. Bxd7+ Qxd7 11. Qa4 Qxa4 12. Nxa4 c4 13. Ke2 b5 14. Nc3 b4 15. Na4 0-0 16. Rhc1 Rfc8 17. Ne5 Rc7 18. b3 c3 19. Nd3 Nd7 20. Nf4 Nf6 21. Nd3 Bd6 22. Nac5 a5 23. a3 bxa3 24. Rxa3 Ne4 25. b4 Rca7 26. Rxa5 Rxa5 27. bxa5 Rxa5 28. Nxe4 dxe4 29. Ne1 Ra2+ 30. Rc2 Rb2 31. h3 f5 32. Kd1 Bb4 33. g3 g5 34. f3 Kg7 35. fxe4 fxe4 36. Ng2 Rb3 37. h4 h6 38. g4 Ra3 39. hxg5 hxg5 40. Ne1 Ra6 41. Rf2 Ra1+ 42. Ke2 Rxe1+ 43. Kxe1 c2+ 0-1

[Event "Dresden ZMD op"]
[Site "Dresden"]
[Date "2010.07.12"]
[Round "3"]
[White "Boehm, Robert"]
[Black "Sabejinski, Simeon"]
[Result "1-0"]
[WhiteElo "2187"]
[BlackElo "1860"]
[PlyCount "87"]
[EventDate "2010.07.10"]
[EventType "swiss"]
[EventRounds "9"]
[EventCountry "GER"]
[SourceTitle "CBM 137 Extra"]
[Source "ChessBase"]
[SourceDate "2010.09.01"]
[SourceVersion "1"]
[SourceVersionDate "2010.09.01"]
[SourceQuality "1"]

1. d4 Nf6 2. Nf3 d5 3. c4 e6 4. g3 b6 5. Bg2 Bb7 6. 0-0 Be7 7. b3 0-0 8. Bb2 Nbd7 9. Nc3 c5 10. dxc5 bxc5 11. cxd5 exd5 12. Nh4 Qb6 13. Nf5 Qe6 14. Nxe7+ Qxe7 15. Nxd5 Nxd5 16. Bxd5 Bxd5 17. Qxd5 Nb6 18. Qf3 Qe6 19. Rac1 c4 20. Qc3 f6 21. bxc4 Rac8 22. c5 Na4 23. Qa3 Nxb2 24. Qxb2 Rc6 25. Qb3 Kf7 26. Qb7+ Kg6 27. Rfd1 Rf7 28. Qb1+ Kh6 29. Rd4 g6 30. Qe4 Qc8 31. Rd6 Rxd6 32. Qf4+ Kg7 33. cxd6 Qe6 34. Qd2 Rd7 35. Rc7 Kf7 36. Rxd7+ Qxd7 37. Qd5+ Kf8 38. e4 g5 39. e5 fxe5 40. Qxe5 g4 41. Qh8+ Kf7 42. Qxh7+ Ke6 43. Qxd7+ Kxd7 44. f3 1-0

[Event "Dresden ZMD op"]
[Site "Dresden"]
[Date "2009.07.26"]
[Round "2"]
[White "Jugelt, Tobias"]
[Black "Sabejinski, Simeon"]
[Result "1-0"]
[WhiteElo "2398"]
[BlackElo "1875"]
[PlyCount "73"]
[EventDate "2009.07.25"]
[EventType "swiss"]
[EventRounds "9"]
[EventCountry "GER"]
[SourceTitle "CBM 131 Extra"]
[Source "ChessBase"]
[SourceDate "2009.09.03"]
[SourceVersion "2"]
[SourceVersionDate "2009.09.16"]
[SourceQuality "1"]

1. d4 d5 2. Bf4 Nc6 3. Nf3 Nf6 4. e3 Bg4 5. c4 e6 6. Nc3 a6 7. h3 Bh5 8. Rc1 Be7 9. a3 h6 10. b4 Bd6 11. Bxd6 Qxd6 12. g4 Bg6 13. b5 Nb8 14. c5 Qd8 15. Ne5 axb5 16. Bxb5+ c6 17. Nxg6 fxg6 18. Bd3 g5 19. Bg6+ Ke7 20. Qb3 Qc7 21. 0-0 h5 22. gxh5 Nxh5 23. Kg2 Nd7 24. Rb1 Rab8 25. Ne2 Nhf6 26. Ng3 Rh6 27. Qc2 g4 28. hxg4 Nxg4 29. Rh1 Rbh8 30. Bh5 Ndf6 31. Qe2 Nxh5 32. Nxh5 Rxh5 33. Qxg4 Rh2+ 34. Rxh2 Rxh2+ 35. Kf3 Kf6 36. Rg1 Rh6 37. Qg5+ 1-0

[Event "Dresden ZMD op"]
[Site "Dresden"]
[Date "2008.07.20"]
[Round "2"]
[White "Sabejinski, Simeon"]
[Black "Stabolewski, Andreas"]
[Result "0-1"]
[WhiteElo "1910"]
[BlackElo "2282"]
[PlyCount "56"]
[EventDate "2008.07.19"]
[EventType "swiss"]
[EventRounds "9"]
[EventCountry "GER"]
[SourceTitle "CBM 125 Extra"]
[Source "ChessBase"]
[SourceDate "2008.09.01"]
[SourceVersion "1"]
[SourceVersionDate "2008.09.01"]
[SourceQuality "1"]

1. d4 Nf6 2. c4 e6 3. Nc3 d5 4. e3 c5 5. a3 Nc6 6. Nf3 a6 7. dxc5 Bxc5 8. b4 Bd6 9. c5 Bc7 10. Bb2 0-0 11. Be2 Re8 12. 0-0 e5 13. Qc2 e4 14. Nd2 Ng4 15. g3 Nxh2 16. Kxh2 Qh4+ 17. Kg1 Bxg3 18. fxg3 Qxg3+ 19. Kh1 Re6 20. Bh5 Rh6 21. Qd1 Bg4 22. Rf5 Bxd1 23. Rxd1 Qh3+ 24. Kg1 Qxf5 25. Nf1 Qg5+ 26. Kf2 Rf6+ 27. Ke1 Qh4+ 28. Kd2 Qxh5 0-1

[Event "Dresden ZMD op"]
[Site "Dresden"]
[Date "2008.07.19"]
[Round "1"]
[White "Kovalev, Andrei"]
[Black "Sabejinski, Simeon"]
[Result "1-0"]
[WhiteElo "2550"]
[BlackElo "1910"]
[PlyCount "47"]
[EventDate "2008.07.19"]
[EventType "swiss"]
[EventRounds "9"]
[EventCountry "GER"]
[SourceTitle "CBM 125 Extra"]
[Source "ChessBase"]
[SourceDate "2008.09.01"]
[SourceVersion "1"]
[SourceVersionDate "2008.09.01"]
[SourceQuality "1"]

1. e4 c6 2. d4 d5 3. Nd2 dxe4 4. Nxe4 Nd7 5. Ng5 Ngf6 6. Bd3 g6 7. N1f3 Bg7 8. Qe2 0-0 9. h4 h6 10. h5 gxh5 11. Nh3 Nb6 12. Be3 Bg4 13. Qd2 Qd5 14. Nf4 Qd6 15. Ne5 Nbd5 16. Nxd5 Nxd5 17. Nxg4 hxg4 18. Bxh6 Bxh6 19. Rxh6 Qf4 20. Rh5 f6 21. Qe2 g3 22. Rh8+ Kf7 23. Bg6+ Kg7 24. Rh7+ 1-0